000 00404nam a2200133Ia 4500
008 230917s9999||||xx |||||||||||||| ||und||
040 _e178308
_aMAIN
041 _aEnglish
082 _a294.592609 A53P
100 _aअनिल
245 0 _aप्रमुख स्मृतियों में आश्रम व्यवस्था-एक अध्ययन
300 _a111 p.
942 _cTH
999 _c74391
_d74391